000 00842nam a2200205Ii 4500
003 JO-AjNU
008 230605s9999||||xx |||||||||||||| ||und||
040 _aJO-AjNU
_bara
_erda
_cJO-AjNU
041 _aara
050 1 4 _aBF697.A28 1989
100 3 _aأبو علام، رجاء محمود ؛ م.مشارك نادية محمود شريف ,
_eauthor
_952893
245 0 0 _aالفروق الفردية وتطبيقاتها التربوية
250 _aط2
264 3 1 _aالكويت: دار القلم للنشر والتوزيع، 1989
300 _a262ص
_bمصادر الكتاب ص 251-259
336 _atext
_btxt
_2rdacontent
337 _aunmediated
_bn
_2rdamedia
338 _avolume
_bnc
_2rdacarrier
650 4 _aالفروق الفردية في التعليم- علم النفس التربوي- علم نفس الفروق
_952894
999 _aA23457
_c27025
_d27025